Click the Planet - Statistics

General Stats
  • This quiz has been taken 92,365 times
    92,326 since last reset
  • The average score is 14 of 20
Answer Stats
Hint Answer % Correct
Largest planet 5. Jupiter
92%
Has the most rings 6. Saturn
88%
Known as the "Red Planet" 4. Mars
86%
Has the most branches of KFC 3. Earth
84%
Is sometimes further from the sun than Pluto 8. Neptune
81%
Smallest planet 1. Mercury
79%
Named after the Roman goddess of love 2. Venus
79%
Named after the Roman god of the sea 8. Neptune
78%
Is being explored by NASA's Perseverance rover 4. Mars
77%
Has the most water on its surface 3. Earth
75%
First to have a metal named after it 1. Mercury
73%
Named after the Roman god of war 4. Mars
72%
Has a Great Red Spot 5. Jupiter
70%
Has the largest moon (Ganymede) 5. Jupiter
63%
Reaches the highest temperatures 2. Venus
56%
Had a SEGA video game console named after it 6. Saturn
48%
Has the most tilted axis (82.23°) 7. Uranus
47%
Largest rocky planet 3. Earth
45%
Has the most craters and looks similar to Earth's moon 1. Mercury
37%
Smallest volume gas planet 8. Neptune
27%
No matching quizzes found
Score Distribution
Percent of People with Each Score
Percentile by Number Answered
Your Score History
You have not taken this quiz since the last reset